<?xml version="1.0" encoding="UTF-8"?><collection xmlns="info:lc/xmlns/marcxchange-v2"><record format="Unimarc" type="bibliographic"><leader>00644cam 022002171 04500</leader><controlfield tag="001">2021793</controlfield><controlfield tag="003">http://id.bnportugal.gov.pt/bib/porbase/2021793</controlfield><controlfield tag="005">20030617110500.0</controlfield><datafield ind1=" " ind2=" " tag="010"><subfield code="a">0-14-020622-1</subfield></datafield><datafield ind1=" " ind2=" " tag="035"><subfield code="1">57238</subfield></datafield><datafield ind1=" " ind2=" " tag="095"><subfield code="a">PTBN00163829</subfield></datafield><datafield ind1=" " ind2=" " tag="100"><subfield code="a">19880615e1979    k  y0pora0103    ba</subfield></datafield><datafield ind1="0" ind2=" " tag="101"><subfield code="a">eng</subfield></datafield><datafield ind1=" " ind2=" " tag="102"><subfield code="a">GB</subfield></datafield><datafield ind1="1" ind2=" " tag="200"><subfield code="a">Anarchism</subfield><subfield code="e">&lt;a &gt;history of libertarian ideas and movements</subfield><subfield code="f">George Woodcock</subfield></datafield><datafield ind1=" " ind2=" " tag="210"><subfield code="a">[Harmondsworth]</subfield><subfield code="c">Penguin Books</subfield><subfield code="d">imp. 1979</subfield></datafield><datafield ind1=" " ind2=" " tag="215"><subfield code="a">492 p.</subfield><subfield code="d">18 cm</subfield></datafield><datafield ind1="2" ind2=" " tag="225"><subfield code="a">Pelican books</subfield></datafield><datafield ind1=" " ind2=" " tag="675"><subfield code="a">321.01</subfield><subfield code="v">med</subfield><subfield code="z">fre</subfield><subfield code="3">307088</subfield></datafield><datafield ind1=" " ind2=" " tag="675"><subfield code="a">335.8</subfield><subfield code="v">med</subfield><subfield code="z">fre</subfield><subfield code="3">359360</subfield></datafield><datafield ind1=" " ind2="1" tag="700"><subfield code="a">Woodcock</subfield><subfield code="b">George</subfield><subfield code="3">230079</subfield></datafield><datafield ind1=" " ind2="0" tag="801"><subfield code="a">PT</subfield><subfield code="b">BN</subfield><subfield code="g">RPC</subfield></datafield><datafield ind1=" " ind2=" " tag="977"><subfield code="1">BCEP 321.01</subfield><subfield code="2">coop</subfield><subfield code="4">UMSD</subfield><subfield code="6">mq255609</subfield><subfield code="7">bc</subfield><subfield code="8">coop</subfield><subfield code="9">UMSD</subfield><subfield code="b">28379/CEP</subfield><subfield code="k">0</subfield></datafield></record></collection>